Guide to the Building Regulations 1976 (Record no. 95551)

MARC details
000 -LEADER
fixed length control field 00480cam a2200205 4500
001 - CONTROL NUMBER
control field D3386
008 - FIXED-LENGTH DATA ELEMENTS--GENERAL INFORMATION
fixed length control field 090401t1981 xxu||||| |||| 00| 0 eng d
035 ## - SYSTEM CONTROL NUMBER
System control number (Sirsi) u73083
041 ## - LANGUAGE CODE
Language code of text/sound track or separate title eng
050 ## - LIBRARY OF CONGRESS CALL NUMBER
Classification number 692.2
100 ## - MAIN ENTRY--PERSONAL NAME
Personal name Elder, A.J.
245 ## - TITLE STATEMENT
Title Guide to the Building Regulations 1976
250 ## - EDITION STATEMENT
Edition statement 7th
260 ## - PUBLICATION, DISTRIBUTION, ETC.
Place of publication, distribution, etc. London
Name of publisher, distributor, etc. The Architectural Press
Date of publication, distribution, etc. 1981
300 ## - PHYSICAL DESCRIPTION
Extent 231p. ill. 30cm
350 ## - PRICE (NR) (BK AM CF MU VM SE) [OBSOLETE]
Price 8.95
520 ## - SUMMARY, ETC.
Summary, etc. Shelf 317
942 ## - ADDED ENTRY ELEMENTS (KOHA)
Suppress in OPAC 0
948 ## - LOCAL PROCESSING INFORMATION (OCLC); SERIES PART DESIGNATOR (RLIN)
c (OCLC) 04/03/1997
Holdings
Withdrawn status Lost status Source of classification or shelving scheme Damaged status Not for loan Home library Current library Shelving location Date acquired Cost, normal purchase price Total Checkouts Full call number Barcode Date last seen Date last checked out Copy number Cost, replacement price Price effective from Koha item type
    Dewey Decimal Classification     London London Basement 14/09/1999 8.95 2 SHELF 324 30008184 06/08/2019 19/06/2007 1 8.95 06/08/2019 Book